| 000 | 00654cab a2200241 4500 | ||
|---|---|---|---|
| 001 | ABS49555 | ||
| 008 | 090401t1993 xxu||||| |||| 00| 0 eng d | ||
| 035 | _a(Sirsi) u71795 | ||
| 041 | _aeng | ||
| 100 | _aBrown, E. | ||
| 245 | _aHow to start | ||
| 260 | _c1993 | ||
| 350 | _a0 | ||
| 490 |
_aEstates Gazette _v(9341) 16 October 1993, 65(1) |
||
| 520 | _aArgues the case for the use of Plain English as a business tool. | ||
| 650 | _aCOMMUNICATIONS | ||
| 650 | _aPLAIN ENGLISH | ||
| 650 | _aREPORT WRITING | ||
| 650 | _aWRITING STYLE | ||
| 690 | _aMANAGEMENT-BUSINESS MANAGEMENT-PROFESSIONAL PRACTICE | ||
| 942 | _n0 | ||
| 948 | _c04/03/1997 | ||
| 999 |
_c45294 _d45294 |
||